000 00601nam a22002177a 4500
003 UA-OsUOA
001 68847
007 ta
008 20100520b un ||||| |||| 00| 0 ukr d
100 _aПапкова И.А.
090 _a32
_bП17
942 _cSA
040 _aUA-OsUOA
_bukr
_cUA-OsUOA
_dUA-OsUOA
245 _aРелигия и международные отношения: состояние дисциплины в США
300 _aС.111-118
955 _a0
041 _aukr
080 _a32
773 0 _w68846
_tПолития
_dМ.
_d2010
_g1
650 7 _a32 Політика
_2UDC
999 _c355107
_d355107